000 00368nam a2200145Ia 4500
005 20251222151326.0
008 251222s9999||||xx |||||||||||||| ||spa||
020 _a8401422701
082 _a800/G23
100 _aGarcia Máquez, Gabriel
245 0 _aLa Aventura de Miguel Littin Cladestino en Chile
250 _a3ra.ed.
264 _bPlaza & Janés
942 _cLIB
999 _c23913
_d23913